000 00256nam a22001217a 4500
008 170706b xxu||||| |||| 00| 0 eng d
041 _aeng
080 _a82
100 _a22
101 _aGJL
245 _aWORLD LITERATURE
_cSANDER.K.V
942 _2udc
_cBK
999 _c19970
_d19970